| 000 | 01154nac a22003737a 4500 | ||
|---|---|---|---|
| 001 | BR2011000062 | ||
| 003 | BR-BrBNA | ||
| 005 | 20240105123853.0 | ||
| 008 | 230509b bl.|||m| |||| 00| 0 por d | ||
| 040 |
_aBR-BrBNA _bpor _cBiblioteca Nacional de Agricultura |
||
| 072 | _aF02 | ||
| 090 | _a1112 BR2011000062 | ||
| 100 | 1 | _aLédo, A. da S. | |
| 100 | 1 | _aFonseca, L. | |
| 100 | 1 | _aAraujo, C. de | |
| 100 | 1 | _aPereira, K.K. | |
| 110 | 1 | _aEMBRAPA Tabuleiros Costeiros, Aracaju, SE (Brasil) | |
| 245 | 1 | _aUso do pó da casca de coco seco na alimentação de mudas micropropagadas de banana 'Prata Anã' e coco anão verde do Brasil de Jiqui | |
| 260 | 3 |
_aAracaju, SE (Brasil): _c2010. |
|
| 300 | _a4 p. | ||
| 490 |
_aCircular Técnica - EMBRAPA Tabuleiros Costeiros (Brazil) _vno. 58 _xSSN 1571-1310 |
||
| 500 | _a11 ref,. | ||
| 650 | _aMUDA | ||
| 650 | _aBANANA PRATA | ||
| 650 | _aBANANA ANA | ||
| 650 | _aACLIMATAÇÃO | ||
| 650 | _aPÓ | ||
| 650 | _aCASCA | ||
| 650 | _aCOCO | ||
| 650 | _aMICROPROPAGAÇÃO | ||
| 650 | _aSUBSTRATO DE CULTURA | ||
| 909 |
_a202312 _bLúcia Elande _c55 _dLúcia Elande |
||
| 942 |
_2AGRIS _n0 _cMS |
||
| 999 |
_c297336 _d297336 |
||